Отличительные особенности миопической хориоидальной неоваскуляризации (Запись № 13154017)
[ простой вид ]
| 000 -МАРКЕР | |
|---|---|
| контрольное поле | 01773nam0a2200289 i 4500 |
| 001 - ИДЕНТИФИКАТОР ЗАПИСИ | |
| контрольное поле | RU\NLR\BIBL_A\016361835 |
| 005 - ИДЕНТИФИКАТОР ВЕРСИИ | |
| контрольное поле | 20240727154516.0 |
| 021 ## - НОМЕР ГОСУДАРСТВЕННОЙ РЕГИСТРАЦИИ | |
| Код страны | Российская Федерация |
| Номер | 2023-1424а |
| Номер Листа государственной регистраци | АР-П-057 |
| 035 ## - ДРУГИЕ СИСТЕМНЫЕ НОМЕРА | |
| Идентификатор записи | (RuMoRGB)011638779 |
| 035 ## - ДРУГИЕ СИСТЕМНЫЕ НОМЕРА | |
| Идентификатор записи | (NLR Aleph) 016361835 |
| 100 ## - ДАННЫЕ ОБЩЕЙ ОБРАБОТКИ | |
| Данные общей обработки | 20230504d2023 km y0rusy50 ca |
| 101 0# - ЯЗЫК РЕСУРСА | |
| Язык текста, звукозаписи и т.д. | русский |
| 102 ## - СТРАНА ПУБЛИКАЦИИ ИЛИ ПРОИЗВОДСТВА | |
| Страна публикации | Российская Федерация |
| 105 ## - ПОЛЕ КОДИРОВАННЫХ ДАННЫХ: ТЕКСТОВЫЕ МАТЕРИАЛЫ, МОНОГРАФИЧЕСКИЕ | |
| Кодированные данные о монографическом текстовом документе | a|||dm||||||| |
| 200 1# - ЗАГЛАВИЕ И СВЕДЕНИЯ ОБ ОТВЕТСТВЕННОСТИ | |
| Основное заглавие | Отличительные особенности миопической хориоидальной неоваскуляризации |
| Сведения, относящиеся к заглавию | клинико-морфологическая характеристика, прогноз течения и эффективности терапии |
| -- | автореферат дис. на соиск. уч. степ. кандидата медицинских наук |
| -- | специальность 3.1.5 Офтальмология |
| Первые сведения об ответственности | Жиляева Ольга Васильевна |
| Последующие сведения об ответственности | [Место защиты: ФГБУ «Национальный медицинский исследовательский центр глазных болезней имени Гельмгольца» Министерства здравоохранения Российской Федерации |
| -- | Диссовет 21.1.024.01 (Д 208.042.01)] |
| 210 ## - ПУБЛИКАЦИЯ, РАСПРОСТРАНЕНИЕ И ДР. | |
| Место издания, распространения и т.д. | Москва |
| Дата издания, распространения и т.д. | 2023 |
| 215 ## - ФИЗИЧЕСКАЯ ХАРАКТЕРИСТИКА | |
| Специфическое обозначение материала и объем | 25 с. |
| Другие сведения о физической характеристике | ил. |
| Размеры | 21 |
| 320 ## - ПРИМЕЧАНИЯ О НАЛИЧИИ В ДОКУМЕНТЕ БИБЛИОГРАФИИ / УКАЗАТЕЛЯ | |
| Текст примечания | Библиогр.: с. 23-24 (22 назв.) |
| 345 ## - ПРИМЕЧАНИЕ, ОТНОСЯЩЕЕСЯ К ИНФОРМАЦИИ О КОМПЛЕКТОВАНИИ | |
| Учетный / регистрационный номер | 2023.04.11 |
| 606 ## - НАИМЕНОВАНИЕ ТЕМЫ КАК ПРЕДМЕТ | |
| Наименование темы | Офтальмология |
| Код системы | nsnr2021 |
| 615 ## - ПРЕДМЕТНАЯ КАТЕГОРИЯ | |
| Начальный элемент ввода вышестоящей предметной категории в кодированной форме | 3.1.5 |
| Код системы | nsnr2021 |
| 700 #1 - ИМЯ ЛИЦА - ПЕРВИЧНАЯ ОТВЕТСТВЕННОСТЬ | |
| Начальный элемент ввода | Жиляева |
| Часть имени, кроме начального элемента ввода | О. В. |
| Расширение инициалов личного имени | Ольга Васильевна |
| Код отношения | Автор |
| 856 4# - МЕСТОНАХОЖДЕНИЕ ЭЛЕКТРОННЫХ РЕСУРОВ И ДОСТУП К НИМ | |
| Тип электронного формата (Electronic Format Type) | application/pdf |
| Универсальный идентификатор ресурса (Uniform Resource Identifier) | http://dlib.rsl.ru/rsl01011000000/rsl01011638000/rsl01011638779/rsl01011638779.pdf |
| Тип доступа (Access method) | Читать |
| 911 ## - ДОПОЛНИТЕЛЬНАЯ КОДИРОВАННАЯ ИНФОРМАЦИЯ | |
| Код научной степени | |
| 942 ## - ДОПОЛНИТЕЛЬНЫЕ ЭЛЕМЕНТЫ ЗАПИСИ (АБИС) | |
| Тип экземпляра АБИС | Книга |
Нет доступных экземпляров.